00631nam a22001697a 450000500170000001000130001702000260003003500130005603700240006908200080009310000220010124501870012326000330031027000670034330000300041049000210044020111207110742.0 aB-454775 a9788179932193c185.00 aB-454775 aBlue Berry/VenbDPL a500 aSubramanian, R.P. aThat's How things travel :cby R.P. Subramanian; edited by Pallavi Sah; illustrated by Yatindra Kumar, Vijay Napane, and Neeraj RiddlanbThe wonderful ways in which the world moves / aNew DelhibTeri Pressc 2008 aDarbari Seth Block, IHC Complex, Lodhi RoadbNew Delhie110003 a47p.bcol.illc28cm. (Hb) aHow come How so?